Mariano Azuela : un testimonio literario /

Mariano Azuela (1873-1952), escritor jalisciense, nacido en Lagos de Moreno. Se incorporó como médico a las fuerzas villistas en 1914. En 1915 se refugió en El Paso, Texas, donde publicó su novela más famosa, Los de abajo. Miembro fundador de El Colegio Nacional en 1943. Premio de Literatura en 1942...

Descripció completa

Guardat en:
Dades bibliogràfiques
Autor principal: Palacios, Emmanuel (autor)
Format: Llibre
Idioma:espanyol
Publicat: Guadalajara, México : editorial no identificada, 1952, c1952
Matèries:
Etiquetes: Afegir etiqueta
Sense etiquetes, Sigues el primer a etiquetar aquest registre!

MARC

LEADER 00000nam^a2200000^a^4500
001 000148095
005 20250521000000.0
009 20260310100009.403
037 |a Acervo ITESO - Biblioteca 
041 |a ESP 
082 |a 860. 97206  |b PAL 
100 |a Palacios, Emmanuel  |e (autor) 
245 1 0 |a Mariano Azuela :  |b un testimonio literario /  |c E. Palacios. 
264 4 |a Guadalajara, México :  |b editorial no identificada,  |c 1952, c1952 
300 |a 24 p. 
336 |a texto  |b txt  |2 rdacontenido 
337 |a sin mediación  |b n  |2 rdamedio 
338 |a volumen  |b nc  |2 rdasoporte 
520 |a Mariano Azuela (1873-1952), escritor jalisciense, nacido en Lagos de Moreno. Se incorporó como médico a las fuerzas villistas en 1914. En 1915 se refugió en El Paso, Texas, donde publicó su novela más famosa, Los de abajo. Miembro fundador de El Colegio Nacional en 1943. Premio de Literatura en 1942 y Premio Nacional de Artes y Ciencias en 1949. Entre sus obras se encuentran las novelas María Luisa (1907), Los fracasados (1908), Mala yerba (1909), Los de abajo (1915-1916), Los caciques (1917), Las moscas (1918), Domitilo quiere ser diputado (1918), La Malhora (1923), El desquite (1925), La luciérnaga (1932), La maldición (1955) y Esa sangre (1956); Tres cuentos (1955); ensayos varios y sus Páginas autobiográficas (1974). 
649 |a XX 
650 |a Escritores Jaliscienses 
650 |a Novela de la Revolución -  |x Historia y Crítica 
650 |a Novela Jalisciense -  |x Historia y Crítica 
650 |a Novela Mexicana -  |x Historia y Crítica 
650 |a Literatura Jalisciense -  |x Historia y Crítica 
650 |a Literatura Mexicana -  |x Historia y Crítica 
650 |a Literatura Jalisciense -  |y Siglo XX 
650 |a Literatura Mexicana -  |y Siglo XX 
650 |a Azuela, Mariano -  |x Tema Principal 
910 |a Fondo Salvador Reynoso Reynoso 
920 |a Impresos - Libros 
930 |a Fondos Especiales 
940 |a Literatura 
905 |a 112 
901 |a 0500077409  |b IT2  |c ESP  |u 20250521 
902 |a https://opac.biblio.iteso.mx/vufind/Record/000148095